ბათუმის შოთა რუსთაველის სახელმწიფო უნივერსიტეტის ბიბლიოთეკა

Tamangur :Roman / (ბიბ.ჩანაწერი № 62199)

000 -LEADER
fixed length control field 00578nam a22001817a 4500
005 - DATE AND TIME OF LATEST TRANSACTION
control field 20240731164241.0
008 - FIXED-LENGTH DATA ELEMENTS--GENERAL INFORMATION
fixed length control field 240731s2019 fr ||||| |||| 00| 0 fra d
020 ## - INTERNATIONAL STANDARD BOOK NUMBER
International Standard Book Number 9782832109137X
041 ## - LANGUAGE CODE
Language code of text/sound track or separate title fra
080 ## - UNIVERSAL DECIMAL CLASSIFICATION NUMBER
Universal Decimal Classification number 821.133.31 S-46
100 ## - MAIN ENTRY--PERSONAL NAME
Personal name Semadeni, Leta
Dates associated with a name (Author)
9 (RLIN) 23035
245 ## - TITLE STATEMENT
Title Tamangur :Roman /
Statement of responsibility, etc. Leta Semaden; traduit de l' allemand barbara fontaine
264 ## - PRODUCTION, PUBLICATION, DISTRIBUTION, MANUFACTURE, AND COPYRIGHT NOTICE
Place of production, publication, distribution, manufacture Genève:
Name of producer, publisher, distributor, manufacturer Slatkine,
Date of production, publication, distribution, manufacture, or copyright notice 2019.
300 ## - PHYSICAL DESCRIPTION
Extent 181 pages :.
Other physical details 22 cm.
653 ## - INDEX TERM--UNCONTROLLED
keyword რომანი
700 ## - ADDED ENTRY--PERSONAL NAME
Personal name fontaine, barbara
Relator term მთარგმნელი
9 (RLIN) 23036
942 ## - ADDED ENTRY ELEMENTS (KOHA)
Source of classification or shelving scheme
Koha item type წიგნი
ეგზემპლარები
Withdrawn status Lost status Source of classification or shelving scheme Damaged status Not for loan Permanent Location Current Location Shelving location Date acquired Cost, normal purchase price Full call number Barcode Date last seen Copy number Uniform Resource Identifier Price effective from Koha item type Public note
          ბათუმის შოთა რუსთაველის სახელმწიფო უნივერსიტეტის მთავარი ბიბლიოთეკა ბათუმის შოთა რუსთაველის სახელმწიფო უნივერსიტეტის მთავარი ბიბლიოთეკა წიგნსაცავი 2024-07-31 6.00 821.133.31 S-46 66085 2024-07-31 66085 ნაჩუქარი 2024-07-31 წიგნი 6.00
          ბათუმის შოთა რუსთაველის სახელმწიფო უნივერსიტეტის მთავარი ბიბლიოთეკა ბათუმის შოთა რუსთაველის სახელმწიფო უნივერსიტეტის მთავარი ბიბლიოთეკა წიგნსაცავი 2024-07-31 6.00 821.133.31 S-46 66086 2024-07-31 66086 ნაჩუქარი 2024-07-31 წიგნი 6.00